[Event "Bayern-chTT (Oberliga)"]
[Site "Bayern 2008/09"]
[Date "2009.01.18"]
[Round "5.3"]
[White "Feustel, Bernd"]
[Black "Vogel, Robert(57)"]
[Result "0-1"]
[WhiteElo "2239"]
[BlackElo "2207"]
[PlyCount "60"]
[EventDate "2009.03.??"]
[EventType "team-tourn"]
[EventRounds "9"]
[WhiteTeam "Königshofen 1"]
[BlackTeam "Pang/Ro.1"]

1. c4 g6 2. g3 Bg7 3. Bg2 Nc6 4. Nc3 d6 5. e3 e5 6. Nge2 Nh6 7. O-O O-O 8. Rb1
Be6 9. d3 Qd7 10. Re1 Rae8 11. b4 Ne7 12. b5 b6 13. Qa4 Bh3 14. Bh1 f5 15. f4
g5 16. fxg5 Ng4 17. Nd5 Nxd5 18. Bxd5+ Kh8 19. Bc6 Qd8 20. Qxa7 f4 21. exf4
exf4 22. Bxf4 Rxf4 23. gxf4 Qe7 24. Be4 d5 25. Red1 dxe4 26. d4 Ne3 27. Rdc1
Bg4 28. Kf2 Nf5 29. c5 e3+ 30. Ke1 Qe4 0-1

[Event "Bayern-chTT (Oberliga)"]
[Site "Bayern 2008/09"]
[Date "2009.01.18"]
[Round "5.5"]
[White "Sternheimer, Erhard"]
[Black "Duer, Werner"]
[Result "1-0"]
[WhiteElo "2194"]
[BlackElo "2189"]
[PlyCount "99"]
[EventDate "2009.03.??"]
[EventType "team-tourn"]
[EventRounds "9"]
[WhiteTeam "Königshofen 1"]
[BlackTeam "Pang/Ro.1"]

1. Nf3 d5 2. g3 c6 3. Bg2 Bg4 4. O-O Nd7 5. h3 Bxf3 6. exf3 e6 7. f4 Ngf6 8. b3
Bd6 9. Bb2 O-O 10. Re1 Qc7 11. d4 a5 12. a4 b5 13. Nd2 Nb6 14. Bf1 bxa4 15.
bxa4 Rfb8 16. Ba3 Nbd7 17. Bxd6 Qxd6 18. Nf3 Ne4 19. Bd3 Ndf6 20. Ng5 Nc3 21.
Qd2 Qb4 22. f5 exf5 23. Bxf5 h6 24. Nf3 Nce4 25. Bxe4 Nxe4 26. Qd3 f6 27. Nh4
Qd6 28. Nf5 Qc7 29. f3 g6 30. fxe4 gxf5 31. e5 fxe5 32. Rxe5 Rf8 33. Rae1 Rf7
34. g4 Raf8 35. gxf5 Rg7+ 36. Kh1 Qf7 37. Qf3 Rg5 38. Rf1 Qf6 39. Kh2 Kh7 40.
Rf2 Rf7 41. Qd3 Kg7 42. Rf3 Qd6 43. h4 Rg4 44. Kh3 h5 45. Re6 Qd8 46. f6+ Kh6
47. Qe3+ Kg6 48. Qe5 Qd7 49. Rf5 Rh7 50. f7+ 1-0

[Event "Bayern-chTT (Oberliga)"]
[Site "Bayern 2008/09"]
[Date "2009.01.18"]
[Round "5.6"]
[White "Heubusch, Michael"]
[Black "Fischer, Thomas(92)"]
[Result "1-0"]
[WhiteElo "2122"]
[BlackElo "2071"]
[PlyCount "69"]
[EventDate "2009.03.??"]
[EventType "team-tourn"]
[EventRounds "9"]
[WhiteTeam "Pang/Ro.1"]
[BlackTeam "Königshofen 1"]

1. Nf3 c5 2. g3 Nc6 3. Bg2 g6 4. O-O Bg7 5. d3 e5 6. c4 Nge7 7. Nc3 O-O 8. a3
a5 9. Rb1 d6 10. Bd2 h6 11. Ne1 g5 12. Nc2 Rb8 13. b4 axb4 14. axb4 b6 15. Qc1
Bb7 16. bxc5 bxc5 17. h4 f6 18. Nd5 Ba8 19. Rxb8 Qxb8 20. hxg5 fxg5 21. Bxg5
hxg5 22. Qxg5 Rf7 23. Ra1 Bb7 24. Nxe7+ Nxe7 25. Rb1 d5 26. Ne3 Qc7 27. cxd5
Qd7 28. Ng4 Kf8 29. Nxe5 Bxe5 30. Qxe5 Qf5 31. Qxf5 Nxf5 32. Rb5 Nd4 33. Rb2
Rd7 34. e3 Nf5 35. Bh3 1-0

[Event "Bayern-chTT (Oberliga)"]
[Site "Bayern 2008/09"]
[Date "2009.01.18"]
[Round "5.7"]
[White "Jahrsdoerfer, Gerd"]
[Black "Wimmer, Herbert(42)"]
[Result "1-0"]
[WhiteElo "2124"]
[BlackElo "2069"]
[PlyCount "89"]
[EventDate "2009.03.??"]
[EventType "team-tourn"]
[EventRounds "9"]
[WhiteTeam "Königshofen 1"]
[BlackTeam "Pang/Ro.1"]

1. e4 d5 2. exd5 Qxd5 3. Nc3 Qa5 4. Bc4 c6 5. d3 Bf5 6. g4 Bg6 7. f4 e6 8. Qf3
h5 9. h3 hxg4 10. hxg4 Rxh1 11. Qxh1 Nf6 12. Qf3 Nbd7 13. Bd2 Qc7 14. O-O-O
O-O-O 15. Nge2 b5 16. Bb3 Nc5 17. Rh1 b4 18. Na4 Rxd3 19. cxd3 Nxd3+ 20. Kd1
Be4 21. Qg3 Bxh1 22. Qxd3 Nxg4 23. Qg3 Nh6 24. Qe1 Bf3 25. Bxb4 c5 26. Bd2 Nf5
27. Kc1 Bd6 28. Nac3 Nd4 29. Kb1 Nxb3 30. axb3 Qb7 31. Kc2 Be4+ 32. Nxe4 Qxe4+
33. Kc1 Qd5 34. Qd1 Qd3 35. Bc3 Qxd1+ 36. Kxd1 f6 37. Kd2 Kd7 38. Ke3 Ke7 39.
Kf3 Kf7 40. Ng3 Ke7 41. Ne4 Bc7 42. Nxc5 g5 43. fxg5 fxg5 44. Ne4 g4+ 45. Kxg4
1-0

[Event "Bayern-chTT (Oberliga)"]
[Site "Bayern 2008/09"]
[Date "2009.01.18"]
[Round "5.8"]
[White "Lindenberg, Georg"]
[Black "Suren, Peter"]
[Result "1-0"]
[WhiteElo "2086"]
[BlackElo "2076"]
[PlyCount "111"]
[EventDate "2009.03.??"]
[EventType "team-tourn"]
[EventRounds "9"]
[WhiteTeam "Pang/Ro.1"]
[BlackTeam "Königshofen 1"]

1. e4 Nc6 2. d4 d5 3. e5 Bf5 4. c3 e6 5. Nf3 Nge7 6. Nh4 Bg6 7. Nxg6 hxg6 8.
Bg5 Qd7 9. Bd3 Nf5 10. Nd2 Be7 11. Bxe7 Ncxe7 12. Nb3 b6 13. O-O Kf8 14. Ba6
Ng8 15. g3 Qd8 16. Qd2 Ngh6 17. f3 g5 18. Qe2 Qe8 19. a4 f6 20. a5 Nf7 21. axb6
axb6 22. exf6 gxf6 23. Bb5 c6 24. Rxa8 Qxa8 25. Qxe6 cxb5 26. Qxf5 Kg7 27. Qd3
Qa2 28. Qc2 Qa4 29. Ra1 Qc4 30. Re1 b4 31. Nd2 Qc7 32. Nf1 bxc3 33. bxc3 Rc8
34. Rc1 Qe7 35. Qd3 Qe6 36. Ne3 Nd6 37. Re1 Rc7 38. Re2 Kf8 39. Ng4 Qf7 40. Nh6
Qg7 41. Re6 Rd7 42. Ng4 f5 43. Ne5 Rd8 44. Rg6 Qe7 45. Qd2 Ra8 46. Rxg5 Ra1+
47. Kg2 Qa7 48. Ng6+ Kf7 49. Kh3 Ra2 50. Qf4 Qa6 51. Ne5+ Ke7 52. Nc6+ Kf7 53.
Nd8+ Ke8 54. Qe5+ Kd7 55. Rg7+ Kc8 56. Qe6+ 1-0

[Event "Bayern-chTT (Oberliga)"]
[Site "Bayern 2008/09"]
[Date "2009.02.01"]
[Round "6.1"]
[White "Jirovsky, Pavel"]
[Black "Heika, Martin"]
[Result "1/2-1/2"]
[WhiteElo "2295"]
[BlackElo "2384"]
[PlyCount "45"]
[EventDate "2009.03.??"]
[EventType "team-tourn"]
[EventRounds "9"]
[WhiteTeam "Königshofen 1"]
[BlackTeam "Regensburg-Fortuna 1"]

1. d4 e6 2. g3 Nf6 3. Bg2 d5 4. Nf3 Be7 5. O-O O-O 6. c4 dxc4 7. Qc2 Nc6 8.
Qxc4 Qd5 9. Qxd5 exd5 10. Bf4 Bg4 11. Rd1 Nb4 12. Nc3 c6 13. h3 Bf5 14. a3 Na6
15. g4 Be6 16. e3 Rad8 17. Bf1 Nb8 18. b4 Bd6 19. Bh2 Bxh2+ 20. Nxh2 Ne8 21. f4
f6 22. Kf2 Nd6 23. Bd3 1/2-1/2

[Event "Bayern-chTT (Oberliga)"]
[Site "Bayern 2008/09"]
[Date "2009.02.01"]
[Round "6.2"]
[White "Speckner, Roland"]
[Black "Ovod, Evgenija"]
[Result "0-1"]
[WhiteElo "2295"]
[BlackElo "2372"]
[PlyCount "94"]
[EventDate "2009.03.??"]
[EventType "team-tourn"]
[EventRounds "9"]
[WhiteTeam "Regensburg-Fortuna 1"]
[BlackTeam "Königshofen 1"]

1. e4 c5 2. Nf3 e6 3. d3 d5 4. Qe2 Ne7 5. g3 g6 6. exd5 Nxd5 7. c4 Nf6 8. Bg2
Nc6 9. Be3 Bg7 10. O-O Nd7 11. Nc3 O-O 12. Rab1 Rb8 13. Rfd1 Nd4 14. Bxd4 cxd4
15. Nb5 Qb6 16. b4 a6 17. Na3 a5 18. Nb5 axb4 19. Rxb4 Qc5 20. Rdb1 e5 21. Ng5
Nf6 22. Ra4 Bd7 23. Qe1 Rfe8 24. Qb4 Bf8 25. Qxc5 Bxc5 26. Ra5 b6 27. Ra7 Re7
28. Ne4 Nxe4 29. Bxe4 f5 30. Bd5+ Kg7 31. a4 Kf6 32. Kg2 h5 33. h4 g5 34. hxg5+
Kxg5 35. Rh1 Rh8 36. Rc7 Rhh7 37. Rh4 Be8 38. Rxe7 Rxe7 39. f3 Bg6 40. Rh1 e4
41. f4+ Kf6 42. Rd1 Be8 43. Kf1 e3 44. Bf3 Rg7 45. Ra1 Rxg3 46. Ke2 Rh3 47. Rh1
Rxf3 0-1

[Event "Bayern-chTT (Oberliga)"]
[Site "Bayern 2008/09"]
[Date "2009.02.01"]
[Round "6.3"]
[White "Feustel, Bernd"]
[Black "Rother, Christoph"]
[Result "1-0"]
[WhiteElo "2239"]
[BlackElo "2239"]
[PlyCount "75"]
[EventDate "2009.03.??"]
[EventType "team-tourn"]
[EventRounds "9"]
[WhiteTeam "Königshofen 1"]
[BlackTeam "Regensburg-Fortuna 1"]

1. Nf3 g6 2. e4 c5 3. d4 cxd4 4. Qxd4 Nf6 5. Bb5 Nc6 6. Qa4 Qa5+ 7. Qxa5 Nxa5
8. Nc3 Bg7 9. e5 Ng4 10. Nd5 Kd8 11. Bf4 Nc6 12. Ng5 Ncxe5 13. f3 f6 14. fxg4
fxg5 15. Bxg5 Re8 16. O-O-O Nf7 17. Be3 Bh6 18. Bxh6 Nxh6 19. h3 Nf7 20. Rhe1
a6 21. Nb6 axb5 22. Nxa8 d6 23. Nb6 Bd7 24. Nxd7 Kxd7 25. Rd3 Rc8 26. b3 Rc5
27. Kb2 Ne5 28. Rde3 b4 29. c3 bxc3+ 30. Rxc3 Rd5 31. Re2 Nc6 32. a3 e5 33. b4
Nd4 34. Rf2 Ke6 35. g5 e4 36. Rf6+ Ke5 37. Rc8 Nf5 38. g4 1-0

[Event "Bayern-chTT (Oberliga)"]
[Site "Bayern 2008/09"]
[Date "2009.02.01"]
[Round "6.4"]
[White "Pohl-Kuemmel, Jens-Uwe"]
[Black "Studnicka, Tomas"]
[Result "1-0"]
[WhiteElo "2190"]
[BlackElo "2241"]
[PlyCount "63"]
[EventDate "2009.03.??"]
[EventType "team-tourn"]
[EventRounds "9"]
[WhiteTeam "Regensburg-Fortuna 1"]
[BlackTeam "Königshofen 1"]

1. d4 Nf6 2. Nf3 g6 3. c4 Bg7 4. Nc3 O-O 5. Bg5 d6 6. e3 c6 7. h3 a6 8. Be2 b5
9. a3 Qb6 10. Qd2 Nbd7 11. O-O Re8 12. Rfd1 Bb7 13. b4 Rad8 14. Qc2 d5 15. c5
Qc7 16. Bf4 Qc8 17. Ne5 Nxe5 18. Bxe5 Qd7 19. a4 Ra8 20. Ra2 Qe6 21. Qb3 Nd7
22. Bxg7 Kxg7 23. e4 dxe4 24. Qxe6 fxe6 25. Nxe4 h6 26. axb5 axb5 27. Rda1 Nf6
28. Nxf6 exf6 29. Ra7 Kf8 30. Bf3 Rec8 31. R1a5 Ke8 32. Rxb7 1-0

[Event "Bayern-chTT (Oberliga)"]
[Site "Bayern 2008/09"]
[Date "2009.02.01"]
[Round "6.5"]
[White "Stross, Frantisek"]
[Black "Mandl, Robert"]
[Result "1/2-1/2"]
[WhiteElo "2298"]
[BlackElo "2199"]
[PlyCount "69"]
[EventDate "2009.03.??"]
[EventType "team-tourn"]
[EventRounds "9"]
[WhiteTeam "Königshofen 1"]
[BlackTeam "Regensburg-Fortuna 1"]

1. e4 e5 2. Nf3 Nc6 3. Bb5 Nf6 4. O-O Nxe4 5. Re1 Nd6 6. Nxe5 Nxe5 7. Rxe5+ Be7
8. Nc3 c6 9. Bd3 O-O 10. b3 Ne8 11. Qf3 d5 12. Bb2 Nf6 13. h3 Bd6 14. Ree1 Be6
15. Ne2 c5 16. Nf4 Bxf4 17. Qxf4 d4 18. Qf3 Qd5 19. Qxd5 Nxd5 20. c3 dxc3 21.
dxc3 Rad8 22. Rad1 b6 23. c4 Nb4 24. Be4 f5 25. Bb1 Kf7 26. f4 g6 27. Kf2 Rfe8
28. Kf3 Bc8 29. g4 fxg4+ 30. hxg4 Rxe1 31. Rxe1 Nd3 32. Re2 h5 33. gxh5 gxh5
34. Bxd3 Rxd3+ 35. Ke4 1/2-1/2

[Event "Bayern-chTT (Oberliga)"]
[Site "Bayern 2008/09"]
[Date "2009.02.01"]
[Round "6.6"]
[White "Jauernig, Udo"]
[Black "Sternheimer, Erhard"]
[Result "1/2-1/2"]
[WhiteElo "2161"]
[BlackElo "2194"]
[PlyCount "49"]
[EventDate "2009.03.??"]
[EventType "team-tourn"]
[EventRounds "9"]
[WhiteTeam "Regensburg-Fortuna 1"]
[BlackTeam "Königshofen 1"]

1. d4 Nf6 2. c4 e5 3. dxe5 Ng4 4. Bf4 Nc6 5. Nf3 Bb4+ 6. Nbd2 Qe7 7. h3 Ngxe5
8. Nxe5 Nxe5 9. e3 Bxd2+ 10. Qxd2 d6 11. Rc1 O-O 12. Be2 a5 13. Qc3 Ng6 14. Bg3
a4 15. O-O b6 16. Bf3 Ra5 17. Rfd1 Ne5 18. Bd5 Re8 19. Qc2 Bd7 20. Rd4 Ng6 21.
Qc3 Rc5 22. Qd2 Kf8 23. Be4 Kg8 24. Bf3 Ne5 25. Bd5 1/2-1/2

[Event "Bayern-chTT (Oberliga)"]
[Site "Bayern 2008/09"]
[Date "2009.02.01"]
[Round "6.7"]
[White "Jahrsdoerfer, Gerd"]
[Black "Heumann, Joern"]
[Result "1-0"]
[WhiteElo "2124"]
[BlackElo "2110"]
[PlyCount "57"]
[EventDate "2009.03.??"]
[EventType "team-tourn"]
[EventRounds "9"]
[WhiteTeam "Königshofen 1"]
[BlackTeam "Regensburg-Fortuna 1"]

1. e4 c5 2. c3 Nf6 3. e5 Nd5 4. Nf3 b6 5. d4 cxd4 6. cxd4 e6 7. Nc3 Nxc3 8.
bxc3 Qc7 9. Bd2 Bb7 10. Bd3 d6 11. O-O Nd7 12. Re1 dxe5 13. Nxe5 Nxe5 14. Rxe5
Bd6 15. Rh5 g6 16. Rh3 O-O 17. Qe2 Rac8 18. c4 Rfd8 19. Bc3 Qc6 20. f4 Bxf4 21.
Rf1 Qc7 22. Qg4 Bd6 23. d5 e5 24. Qh4 f5 25. Bxf5 gxf5 26. Rg3+ Kf8 27. Rxf5+
Ke8 28. Qh5+ Kd7 29. Qf7+ 1-0

[Event "Bayern-chTT (Oberliga)"]
[Site "Bayern 2008/09"]
[Date "2009.02.01"]
[Round "6.8"]
[White "Boca, Harald"]
[Black "Suren, Peter"]
[Result "0-1"]
[WhiteElo "2080"]
[BlackElo "2076"]
[PlyCount "64"]
[EventDate "2009.03.??"]
[EventType "team-tourn"]
[EventRounds "9"]
[WhiteTeam "Regensburg-Fortuna 1"]
[BlackTeam "Königshofen 1"]

1. d4 Nc6 2. c4 e5 3. e3 f5 4. Nc3 Nf6 5. d5 Ne7 6. Nf3 Ng6 7. h4 e4 8. h5 exf3
9. hxg6 fxg2 10. Bxg2 h6 11. Qc2 d6 12. Bd2 Ng4 13. Bf3 Ne5 14. Be2 a6 15.
O-O-O Qf6 16. Rdg1 Be7 17. Nd1 Bd7 18. Bc3 f4 19. exf4 Qxf4+ 20. Bd2 Qf5 21.
Qb3 Qe4 22. Re1 Bf5 23. Nc3 Qd4 24. Be3 Bg5 25. Bxg5 hxg5 26. Rxh8+ Kd7 27.
Rxa8 Qf4+ 28. Kd1 Qd4+ 29. Bd3 Nxd3 30. Qa4+ b5 31. Ne2 Nxf2+ 32. Kc1 Qe3# 0-1

[Event "Bayern-chTT (Oberliga)"]
[Site "Bayern 2008/09"]
[Date "2009.02.01"]
[Round "6.1"]
[White "Baldauf, Marco"]
[Black "Cicak, Slavko"]
[Result "0-1"]
[WhiteElo "2288"]
[BlackElo "2541"]
[PlyCount "60"]
[EventDate "2009.03.??"]
[EventType "team-tourn"]
[EventRounds "9"]
[WhiteTeam "Pang/Ro.1"]
[BlackTeam "Burgsinn 1"]

1. Nf3 c5 2. c4 b6 3. g3 Bb7 4. Bg2 g6 5. d4 cxd4 6. Qxd4 Nf6 7. Nc3 d6 8. b3
Bg7 9. Bb2 Nbd7 10. O-O O-O 11. Rac1 a6 12. Nd5 b5 13. Nxf6+ Bxf6 14. Qd2 Qb6
15. Bxf6 Nxf6 16. Qb4 Qa7 17. c5 dxc5 18. Qxc5 Qxc5 19. Rxc5 Rac8 20. Rfc1 Rxc5
21. Rxc5 Rd8 22. Ne1 Rd1 23. Bxb7 Rxe1+ 24. Kg2 Rxe2 25. Bxa6 Rxa2 26. Bxb5 Ng4
27. Bd3 Rxf2+ 28. Kh3 Nxh2 29. Re5 Nf3 30. Rxe7 Kf8 0-1

[Event "Bayern-chTT (Oberliga)"]
[Site "Bayern 2008/09"]
[Date "2009.02.01"]
[Round "6.2"]
[White "Klundt, Klaus"]
[Black "Blaskowski, Johannes"]
[Result "0-1"]
[WhiteElo "2309"]
[BlackElo "2295"]
[PlyCount "104"]
[EventDate "2009.03.??"]
[EventType "team-tourn"]
[EventRounds "9"]
[WhiteTeam "Burgsinn 1"]
[BlackTeam "Pang/Ro.1"]

1. e4 c5 2. Nf3 e6 3. c3 d5 4. exd5 Qxd5 5. d4 Nf6 6. Bd3 Nc6 7. O-O Be7 8. Re1
O-O 9. Be3 cxd4 10. cxd4 a6 11. Nc3 Qd6 12. Qd2 b5 13. a4 bxa4 14. Nxa4 Nb4 15.
Bf4 Qd8 16. Bc4 Bb7 17. Ne5 Rc8 18. Rac1 Nbd5 19. Bg5 Qe8 20. Nc3 Nxc3 21. bxc3
Ne4 22. Rxe4 Bxe4 23. Bxe7 Qxe7 24. Bxa6 Rc7 25. f3 Bb7 26. Bd3 Rfc8 27. c4 f6
28. Ng4 Qd7 29. Ne3 f5 30. Bf1 Rd8 31. Rd1 Ba6 32. Qa5 Ra7 33. Qe5 Bc8 34. d5
exd5 35. Rxd5 Qe8 36. Qxe8+ Rxe8 37. Nxf5 Bxf5 38. Rxf5 Ra2 39. Rb5 Re1 40.
Rb8+ Kf7 41. Rb7+ Kf6 42. Rb6+ Kg5 43. f4+ Kxf4 44. Rb7 Raa1 45. Rf7+ Kg5 46.
g3 Kg6 47. Rf2 Rac1 48. Kg2 Re3 49. Rd2 Kf6 50. Be2 g6 51. Kf2 Rec3 52. Bf3
Rxc4 0-1

[Event "Bayern-chTT (Oberliga)"]
[Site "Bayern 2008/09"]
[Date "2009.02.01"]
[Round "6.3"]
[White "Vogel, Robert(57)"]
[Black "Chandler, Patrick"]
[Result "1-0"]
[WhiteElo "2207"]
[BlackElo "2217"]
[PlyCount "79"]
[EventDate "2009.03.??"]
[EventType "team-tourn"]
[EventRounds "9"]
[WhiteTeam "Pang/Ro.1"]
[BlackTeam "Burgsinn 1"]

1. d4 Nf6 2. c4 c5 3. d5 b5 4. cxb5 a6 5. bxa6 Bxa6 6. Nc3 d6 7. Nf3 Nbd7 8. e4
Bxf1 9. Kxf1 g6 10. h3 Bg7 11. Kg1 O-O 12. Kh2 Qa5 13. Re1 Rfb8 14. Re2 Ne8 15.
Rc2 Nc7 16. Bd2 Na6 17. Bg5 Qd8 18. Qe2 Nb4 19. Rd2 Rb7 20. Bf4 f6 21. Be3 Rba7
22. a3 Rb7 23. Rc1 Na6 24. Rcc2 Qb8 25. Ne1 Nc7 26. f4 Rb3 27. Nf3 Nb6 28. Bf2
Qb7 29. Rd1 Na4 30. Nxa4 Rxa4 31. e5 Bf8 32. exd6 exd6 33. Bxc5 Kg7 34. Bb4
Nxd5 35. Qe4 Raxb4 36. axb4 Qxb4 37. Qxd5 Qxf4+ 38. Kh1 Re3 39. Rc7+ Kh6 40.
Rd4 1-0

[Event "Bayern-chTT (Oberliga)"]
[Site "Bayern 2008/09"]
[Date "2009.02.01"]
[Round "6.5"]
[White "Geisler, Fabian"]
[Black "Lodes, Hermann"]
[Result "1-0"]
[WhiteElo "2229"]
[BlackElo "2072"]
[PlyCount "137"]
[EventDate "2009.03.??"]
[EventType "team-tourn"]
[EventRounds "9"]
[WhiteTeam "Pang/Ro.1"]
[BlackTeam "Burgsinn 1"]

1. e4 c6 2. d4 d5 3. f3 e5 4. dxe5 Bc5 5. Nc3 Qb6 6. Na4 Qa5+ 7. c3 Bxg1 8.
Rxg1 dxe4 9. f4 f5 10. Be3 Ne7 11. b4 Qd5 12. Qc2 Qf7 13. Bd4 O-O 14. Rd1 b6
15. g3 Be6 16. Rg2 Nd7 17. Bg1 Rac8 18. c4 Rc7 19. Rgd2 Re8 20. Be3 Nf8 21. Be2
Rd7 22. Rxd7 Bxd7 23. Rd6 Nc8 24. Rd2 Be6 25. Nb2 Qe7 26. Qa4 Bd7 27. a3 c5 28.
Qb3 cxb4 29. axb4 Be6 30. Kf2 Rd8 31. Qd1 Rd7 32. c5 Qd8 33. c6 Rxd2 34. Qxd2
Qxd2 35. Bxd2 Kf7 36. Ba6 Ke7 37. b5 Kd8 38. Bb4 Ng6 39. Bd6 Nge7 40. Bb7 Bb3
41. Ke3 Nd5+ 42. Kd4 Nc7 43. Bxc7+ Kxc7 44. Bxc8 Kxc8 45. Nc4 Kc7 46. Ne3 Be6
47. g4 g6 48. gxf5 gxf5 49. Nc4 Bf7 50. Nd6 Be6 51. h4 h6 52. Ne8+ Kd8 53. Ng7
Ke7 54. c7 Bc8 55. e6 Kf6 56. Nxf5 Kxe6 57. Nxh6 Kf6 58. f5 a5 59. bxa6 Bxa6
60. Kxe4 b5 61. Ng4+ Ke7 62. h5 b4 63. Kd4 Bc8 64. Ne3 Kf7 65. h6 Kf8 66. f6 b3
67. Nc4 Be6 68. Ke5 Bc8 69. Kd6 1-0

[Event "Bayern-chTT (Oberliga)"]
[Site "Bayern 2008/09"]
[Date "2009.02.01"]
[Round "6.6"]
[White "Krauss, Josef"]
[Black "Heubusch, Michael"]
[Result "1-0"]
[WhiteElo "2036"]
[BlackElo "2122"]
[PlyCount "75"]
[EventDate "2009.03.??"]
[EventType "team-tourn"]
[EventRounds "9"]
[WhiteTeam "Burgsinn 1"]
[BlackTeam "Pang/Ro.1"]

1. e4 g6 2. d4 Bg7 3. c3 d6 4. f4 Nf6 5. Bd3 O-O 6. Nf3 Nfd7 7. O-O c5 8. Be3
cxd4 9. cxd4 Nc6 10. Nc3 e5 11. Bb5 a6 12. Bxc6 bxc6 13. dxe5 dxe5 14. f5 Rb8
15. Rb1 Qe7 16. Qc2 a5 17. Na4 Ba6 18. Rfd1 gxf5 19. Nc5 Nxc5 20. Bxc5 Qe6 21.
Bxf8 Bxf8 22. exf5 Qf6 23. Qe4 Rb5 24. a4 Rc5 25. Rbc1 Bc8 26. g4 h5 27. h3
Rxc1 28. Rxc1 Qd6 29. Nxe5 Qd2 30. Re1 Bc5+ 31. Kh1 Ba6 32. f6 Bd6 33. Nf3 Qf2
34. Qe8+ Bf8 35. Qe3 Qg3 36. Qg5+ Kh7 37. Qxh5+ Bh6 38. Qxf7+ 1-0

[Event "Bayern-chTT (Oberliga)"]
[Site "Bayern 2008/09"]
[Date "2009.02.01"]
[Round "6.7"]
[White "Keller, Manfred(45)"]
[Black "Seeger, Werner"]
[Result "1/2-1/2"]
[WhiteElo "2149"]
[BlackElo "2012"]
[PlyCount "28"]
[EventDate "2009.03.??"]
[EventType "team-tourn"]
[EventRounds "9"]
[WhiteTeam "Pang/Ro.1"]
[BlackTeam "Burgsinn 1"]

1. e4 d5 2. exd5 Qxd5 3. Nc3 Qd6 4. d4 Nf6 5. Nf3 c6 6. Bc4 Bg4 7. Be3 e6 8. h3
Bxf3 9. Qxf3 Nbd7 10. O-O-O Nb6 11. Bf4 Qd7 12. Bb3 Nbd5 13. Nxd5 cxd5 14. c3
Be7 1/2-1/2

[Event "Bayern-chTT (Oberliga)"]
[Site "Bayern 2008/09"]
[Date "2009.02.01"]
[Round "6.8"]
[White "Gutzeit, Kurt"]
[Black "Lindenberg, Georg"]
[Result "0-1"]
[WhiteElo "1940"]
[BlackElo "2086"]
[PlyCount "134"]
[EventDate "2009.03.??"]
[EventType "team-tourn"]
[EventRounds "9"]
[WhiteTeam "Burgsinn 1"]
[BlackTeam "Pang/Ro.1"]

1. e4 c5 2. Nf3 e6 3. d4 cxd4 4. Nxd4 Bc5 5. Nb3 Bb6 6. Nc3 Ne7 7. Qg4 O-O 8.
Qg3 f5 9. Bg5 fxe4 10. Nxe4 d5 11. O-O-O Nf5 12. Bxd8 Nxg3 13. Nxg3 Rxd8 14. f3
Nc6 15. c3 e5 16. Bd3 Be6 17. Rhe1 a6 18. Kb1 Ba7 19. Bc2 Re8 20. Nc1 Bf7 21.
Re2 Rad8 22. Nf1 g6 23. Rde1 Re7 24. Nd3 Rde8 25. Nd2 Kg7 26. Nb4 Nxb4 27. cxb4
Kf6 28. a4 Rc8 29. Bd3 Be8 30. f4 e4 31. Bxe4 dxe4 32. Nxe4+ Rxe4 33. Rxe4 Bf7
34. g4 h6 35. Rd1 Rc7 36. Rd6+ Kg7 37. f5 gxf5 38. gxf5 h5 39. Re7 Rxe7 40. f6+
Kf8 41. fxe7+ Kxe7 42. Rd2 Be8 43. b3 Bb8 44. Kc2 Bg6+ 45. Kc3 Be5+ 46. Kc4
Bf7+ 47. Kc5 Bxb3 48. a5 Ba4 49. Rg2 Bd6+ 50. Kc4 Bb5+ 51. Kb3 Kf6 52. h4 Be7
53. Rg5 Be8 54. Rg1 Bf7+ 55. Kc3 Ke5 56. Re1+ Kd6 57. Rf1 Be6 58. Rh1 Bf6+ 59.
Kd3 Kd5 60. Kc2 Bf5+ 61. Kb3 Be4 62. Rh2 Ke5 63. Rf2 Bd8 64. Rf8 Bxh4 65. Kc4
Be7 66. Rh8 h4 67. Re8 Ke6 0-1

[Event "Bayern-chTT (Oberliga)"]
[Site "Bayern 2008/09"]
[Date "2009.02.01"]
[Round "6.1"]
[White "Terekhov, Andrey"]
[Black "Jirka, Jiri"]
[Result "1/2-1/2"]
[WhiteElo "2291"]
[BlackElo "2345"]
[PlyCount "51"]
[EventDate "2009.03.??"]
[EventType "team-tourn"]
[EventRounds "9"]
[WhiteTeam "München-Bayern 2"]
[BlackTeam "Bamberg-SC 1"]

1. d4 d5 2. c4 c6 3. Nf3 Nf6 4. Nc3 a6 5. a4 e6 6. g3 dxc4 7. Bg2 c5 8. dxc5
Qxd1+ 9. Nxd1 Nc6 10. Ne3 Bxc5 11. Nxc4 Ke7 12. O-O Bd7 13. Nfe5 Rac8 14. Nd3
Nd4 15. Bxb7 Nxe2+ 16. Kg2 Bc6+ 17. Bxc6 Rxc6 18. Nce5 Rc7 19. Be3 Bxe3 20.
fxe3 Rc2 21. Kf3 g5 22. Rae1 g4+ 23. Nxg4 Nxg4 24. Kxg4 Rd8 25. Rd1 Rd5 26. e4
1/2-1/2

[Event "Bayern-chTT (Oberliga)"]
[Site "Bayern 2008/09"]
[Date "2009.02.01"]
[Round "6.2"]
[White "Cernousek, Lukas"]
[Black "Drexel, Michael"]
[Result "0-1"]
[WhiteElo "2394"]
[BlackElo "2253"]
[PlyCount "140"]
[EventDate "2009.03.??"]
[EventType "team-tourn"]
[EventRounds "9"]
[WhiteTeam "Bamberg-SC 1"]
[BlackTeam "München-Bayern 2"]

1. e4 c6 2. c4 d5 3. cxd5 cxd5 4. exd5 Nf6 5. Qa4+ Nbd7 6. Nc3 g6 7. Nf3 Bg7 8.
Bc4 O-O 9. d3 a6 10. Qa3 Nb6 11. Qb3 Nxc4 12. dxc4 b5 13. O-O bxc4 14. Qxc4 e6
15. dxe6 Bxe6 16. Qh4 Nd5 17. Bg5 Qb6 18. Bh6 Qxb2 19. Bxg7 Kxg7 20. Qd4+ f6
21. Ne4 Qxd4 22. Nxd4 Bg8 23. Rab1 Rfb8 24. Nc6 Rxb1 25. Rxb1 Rc8 26. Na5 f5
27. Nd6 Rc2 28. a3 Nf4 29. Rb7+ Kh6 30. h3 Bd5 31. Rb4 Nxg2 32. Rd4 Ba8 33.
Nab7 Ne1 34. Rh4+ Kg7 35. Ra4 Rc6 36. Kf1 Nc2 37. Ke2 Rb6 38. Kd2 Nxa3 39. Rxa3
Bxb7 40. Nxb7 Rxb7 41. Rxa6 Rb3 42. h4 Rh3 43. Ra4 Kh6 44. Ke2 Kh5 45. Ra7 h6
46. Kf1 Rxh4 47. Kg2 Rb4 48. Ra6 Kg4 49. Rc6 h5 50. Ra6 h4 51. Rc6 Kh5 52. Rf6
Rf4 53. Ra6 g5 54. Rb6 Kg4 55. Rb2 h3+ 56. Kg1 Ra4 57. Rb5 Ra1+ 58. Kh2 Ra2 59.
Rb4+ f4 60. Kg1 h2+ 61. Kh1 Rxf2 62. Ra4 Rf1+ 63. Kxh2 Rf2+ 64. Kg1 Rb2 65. Ra5
Kh4 66. Rf5 Kg4 67. Ra5 f3 68. Rc5 Kh4 69. Ra5 g4 70. Ra1 g3 0-1

[Event "Bayern-chTT (Oberliga)"]
[Site "Bayern 2008/09"]
[Date "2009.02.01"]
[Round "6.3"]
[White "Schuette, Manfred"]
[Black "Sodoma, Jan"]
[Result "0-1"]
[WhiteElo "2297"]
[BlackElo "2305"]
[PlyCount "42"]
[EventDate "2009.03.??"]
[EventType "team-tourn"]
[EventRounds "9"]
[WhiteTeam "München-Bayern 2"]
[BlackTeam "Bamberg-SC 1"]

1. c4 e5 2. Nc3 Nc6 3. Nf3 Nf6 4. e3 Bb4 5. Qc2 O-O 6. Nd5 Bc5 7. a3 a5 8. Bd3
h6 9. h4 d6 10. Ng5 Nxd5 11. cxd5 Ne7 12. Ne4 Bb6 13. Nc3 c6 14. Qb3 cxd5 15.
Nxd5 Nxd5 16. Qxd5 Be6 17. Qxb7 d5 18. b4 Qd6 19. Bb5 Rfc8 20. bxa5 Rxa5 21. a4
Bc5 0-1